Regenerating India's cities (Record no. 651)

000 -LEADER
fixed length control field 00270pab a2200109 454500
008 - FIXED-LENGTH DATA ELEMENTS--GENERAL INFORMATION
fixed length control field 180718b xxu||||| |||| 00| 0 eng d
100 ## - MAIN ENTRY--PERSONAL NAME
Personal name Majumdar, Udayan
245 ## - TITLE STATEMENT
Title Regenerating India's cities
650 ## - SUBJECT ADDED ENTRY--TOPICAL TERM
Topical term or geographic name entry element Cities and Towns - Growth - India
773 ## - HOST ITEM ENTRY
Main entry heading Manisha
909 ## -
-- 651
Holdings
Withdrawn status Lost status Damaged status Not for loan Permanent Location Current Location Date acquired Serial Enumeration / chronology Barcode Date last seen Price effective from Koha item type
        Indian Institute of Public Administration Indian Institute of Public Administration 2018-07-19 Issue no: 2(4), Oct.-Dec.90, p.16-17 AR651 2018-07-19 2018-07-19 Articles

Powered by Koha